Performance analysis of communication systems : modeling with non-Markovian stochastic Petri nets
Αποθηκεύτηκε σε:
| Κύριος συγγραφέας: | |
|---|---|
| Μορφή: | Βιβλίο |
| Γλώσσα: | English |
| Δημοσίευση: |
Chichester ; New York ; Weinheim :
John Wiley & Sons,
c2000
|
| Σειρά: | Wiley-Interscience series in systems and optimization
|
| Θέματα: | |
| Ετικέτες: |
Προσθήκη ετικέτας
Δεν υπάρχουν, Καταχωρήστε ετικέτα πρώτοι!
|
MARC
| LEADER | 00000nam a2200000 i 4500 | ||
|---|---|---|---|
| 001 | 1/50754 | ||
| 008 | 070806s2000 eng d | ||
| 020 | |a 0-471-49258-2 | ||
| 035 | |l 10089538 | ||
| 040 | |a GR-MY-UA |b gre |e aacr | ||
| 041 | 0 | |a eng | |
| 082 | 0 | |a 004.6 |2 (22) | |
| 100 | 1 | |a German, Reinhard. | |
| 245 | 1 | 0 | |a Performance analysis of communication systems : |b modeling with non-Markovian stochastic Petri nets / |c Reinhard German |
| 260 | |a Chichester ; New York ; Weinheim : |b John Wiley & Sons, |c c2000 | ||
| 300 | |a xvii, 438 σ.; |b σχ.; |c 23 εκ. | ||
| 490 | 1 | |a Wiley-Interscience series in systems and optimization | |
| 504 | |a Περιλαμβάνει βιβλιογραφικές παραπομπές και ευρετήριο | ||
| 650 | 0 | 0 | |a Petri nets. |
| 650 | 0 | 0 | |a Computer networks |x Evaluation. |
| 650 | 0 | 0 | |a Numerical analysis. |
| 830 | 0 | |a Wiley-Interscience series in systems and optimization | |
| 852 | |a INST |b CHIOS |e 20070806 |h 004.6 GER |p 005200025687 |q 005200025687 |t BK |y 0 | ||
| 901 | |a BIBL2-2007-2 | ||
| 909 | |a Χ |b 137205 | ||
| 922 | |a 2ΕΛΗ |b 200707 |c ΕΠΕΑΕΚ2/ΤΜΟΔ |d ΕΛΕΥΘΕΡΟΥΔΑΚΗΣ | ||
| 970 | |a ΒΑΣΙΛΑΚΗ |b ΝΙΚΗ |z 2007/08/06 | ||